L'ecriture et l'experience des limites /

Bibliographic Details
Main Author: Sollers, Philippe, 1936-
Format: Book
Language:French
Published: [Paris] : Editions du Seuil, [1968]
Series:Points, 24. Litterature
Subjects:

MARC

Tag First Indicator Second Indicator Subfields
LEADER 00000cam a2200000 a 4500
001 in00000070829
005 20151008061926.0
008 720313s1968 fr 00010 frem
010 |a  79859026  
020 |a 2020005999 
035 |a (OCoLC)00261648 
035 |9 AAJ9145AM 
040 |a DLC  |c DAY  |d m.c.  |d TXA  |d UtOrBLW 
049 |a TXAM  |c [1406565] 
050 0 0 |a P47  |b .S6 1971 
100 1 |a Sollers, Philippe,  |d 1936- 
245 1 2 |a L'ecriture et l'experience des limites /  |c Philippe Sollers. 
264 1 |a [Paris] :  |b Editions du Seuil,  |c [1968] 
264 3 |c [1971?] printing 
264 4 |c ©1968 
300 |a 190 pages ;  |c 18 cm. 
336 |a text  |b txt  |2 rdacontent 
337 |a unmediated  |b n  |2 rdamedia 
338 |a volume  |b nc  |2 rdacarrier 
490 0 |a Points, 24. Litterature 
650 0 |a Criticism, Textual. 
999 |a MARS 
999 f f |s 44912aa1-feb6-3f57-a689-f43ed4aab600  |i b1e8a913-c3ee-39ab-b192-5f8b27914b6a  |t 0 
952 f f |p ric  |a Texas A&M University  |b Rellis Campus  |c Joint Library Facility  |s JLF  |d Remote Storage  |t 0  |e P47 .S6 1971  |h Library of Congress classification  |i unmediated -- volume  |m A14806171652 
998 f f |a P47 .S6 1971  |t 0  |l Remote Storage